00570nam a2200205 a 4500001001300000003000900013005001700022008004100039020002700080082001500107100001900122245008000141260002800221300000900249500003500258505001200293650001900305650002100324700001900345nice12345678IN_TiNIC20260116013934.0050524s1997 dela grp 000 0 eng  a041514 c1094.2700a248.4bMOX aMoxnes, Halvor aConstructing Early Christian Familiesb Family as Social Reality & Metaphor aDelhi bRoutledgec1997 a267p aincludes index and biblioraphy2 aIndexes aChristian-Life aChristian-Family1 aMoxnes, Halvor